Fictional Characters with Place Names - Statistics

General Stats
  • This quiz has been taken 19 times
  • The average score is 6 of 15
Answer Stats
Hint Answer % Correct
The alter ego of Miley Stewart Hannah {Montana}
100%
Archaeologist first seen in "Raiders of the Lost Ark" {Indiana} Jones
100%
Homer Simpson's neighbour Ned {Flanders}
100%
"International Man of Mystery" {Austin} Powers
94%
A spider who saved a piglet named Wilbur {Charlotte} A. Cavatica
65%
Looney Tunes cowboy {Yosemite} Sam
59%
Sabrina the Teenage Witch's cat {Salem} Saberhagen
53%
Main antagonist in "Mean Girls" {Regina} George
47%
The oldest and wisest of the Wimbledon Wombles Great Uncle {Bulgaria}
12%
Barbie's youngest sister {Chelsea} Roberts
6%
Professional golfer of "The Great Gatsby" {Jordan} Baker
6%
Main character of the TV show "Alias" {Sydney} Bristow
6%
The real first name of Opal in "Because of Winn-Dixie" {India} "Opal" Buloni
0%
Liza Weil's character on "Gilmore Girls" {Paris} Geller
0%
Protagonist of the Brazilian novel "The Alchemist" {Santiago}
0%
No matching quizzes found
Score Distribution
Percent of People with Each Score
Percentile by Number Answered
Your Score History
You have not taken this quiz